Active Air Force Installations & those closed by BRAC Quiz Stats

 Plays Quiz not verified by Sporcle

Challenge
Share
Tweet
Embed
Score 0/89 Timer 14:00
0 Plays Today
Status Installation % Correct
ACTIVEAndrews AFB
81%
ACTIVENellis AFB
76.2%
ACTIVEEglin AFB
66.7%
ACTIVEWright Patterson AFB
66.7%
ACTIVEVandenberg AFB
66.7%
ACTIVEEdwards AFB
66.7%
ACTIVEPatrick AFB
61.9%
ACTIVELangley AFB
61.9%
ACTIVEDover AFB
61.9%
ACTIVEMcGuire AFB
61.9%
ACTIVEEllsworth AFB
61.9%
ACTIVELackland AFB
57.1%
ACTIVEMacDill AFB
52.4%
ACTIVELittle Rock AFB
52.4%
ACTIVEScott AFB
52.4%
ACTIVEOffutt AFB
52.4%
ACTIVESheppard AFB
52.4%
ACTIVEHill AFB
52.4%
ACTIVEMountain Home AFB
52.4%
ACTIVEElmendorf AFB
52.4%
ACTIVECharleston AFB
47.6%
ACTIVEBolling AFB
47.6%
ACTIVEMaxwell AFB
47.6%
ACTIVEBarksdale AFB
47.6%
ACTIVEMinot AFB
47.6%
ACTIVETinker AFB
47.6%
ACTIVEMalmstrom AFB
47.6%
ACTIVEFairchild AFB
47.6%
ACTIVETravis AFB
47.6%
ACTIVEHickam AFB
47.6%
Status Installation % Correct
BRAC 1993March AFB
47.6%
ACTIVEPope AFB
47.6%
ACTIVETyndall AFB
42.9%
ACTIVESeymour Johnson AFB
42.9%
ACTIVEHanscom AFB
42.9%
ACTIVEGrand Forks AFB
42.9%
ACTIVEHolloman AFB
42.9%
ACTIVEF.E.Warren AFB
42.9%
ACTIVELuke AFB
42.9%
ACTIVEArnold AFB
38.1%
ACTIVEWhiteman AFB
38.1%
ACTIVEAltus AFB
38.1%
ACTIVEDavis Monthan AFB
38.1%
ACTIVEMcChord AFB
38.1%
BRAC 1988Chanute AFB
38.1%
BRAC 1991Loring AFB
38.1%
BRAC 1993Homestead AFB
38.1%
BRAC 1995Kelly AFB
38.1%
ACTIVERandolph AFB
33.3%
ACTIVELos Angeles AFB
33.3%
BRAC 1991England AFB
33.3%
BRAC 1991Myrtle Beach AFB
33.3%
ACTIVEShaw AFB
28.6%
ACTIVEColumbus AFB
28.6%
ACTIVEPeterson AFB
28.6%
ACTIVEBeale AFB
28.6%
ACTIVEEielson AFB
28.6%
BRAC 1988Pease AFB
28.6%
BRAC 1993K.I. Sawyer AFB
28.6%
ACTIVEKeesler AFB
23.8%
Status Installation % Correct
ACTIVEVance AFB
23.8%
ACTIVEGoodfellow AFB
23.8%
ACTIVELaughlin AFB
23.8%
ACTIVECannon AFB
23.8%
ACTIVEKirtland AFB
23.8%
ACTIVESchriever AFB
23.8%
BRAC 1991Eaker AFB
23.8%
BRAC 1991Grissom AFB
23.8%
ACTIVEMoody AFB
19%
ACTIVERobins AFB
19%
ACTIVEDyess AFB
19%
BRAC 1988George AFB
19%
BRAC 1991Williams AFB
19%
ACTIVEMcConnell AFB
14.3%
ACTIVEBuckley AFB
14.3%
BRAC 1988Mather AFB
14.3%
BRAC 1991Carswell AFB
14.3%
BRAC 1991Lowry AFB
14.3%
BRAC 1991Wurtsmith AFB
14.3%
BRAC 1993Griffiss AFB
14.3%
BRAC 1995McClellan AFB
14.3%
ACTIVECreech AFB
9.5%
BRAC 1988Hamilton AFB
9.5%
BRAC 1988Norton AFB
9.5%
BRAC 1991Castle AFB
9.5%
BRAC 1993Plattsburgh AFB
9.5%
BRAC 1991Bergstrom AFB
4.8%
BRAC 1991Richards Gebaur AFB
4.8%
BRAC 1995Reese AFB
4.8%

You're not logged in!

Compare scores with friends on all Sporcle quizzes.
Join for Free
OR
Log In

You Might Also Like...

Show Comments

Extras

Top Quizzes Today


Score Distribution

Your Account Isn't Verified!

In order to create a playlist on Sporcle, you need to verify the email address you used during registration. Go to your Sporcle Settings to finish the process.

Report this User

Report this user for behavior that violates our Community Guidelines.

Details: